| 000 | 00899nam a22002651a 4500 | ||
|---|---|---|---|
| 001 | 1106652 | ||
| 005 | 20170507020003.0 | ||
| 008 | 930104s1993 enka b 001 0 eng | ||
| 010 |
_a93019925 _a93019925 |
||
| 020 | _a0631186913 | ||
| 020 | _a0631186913 | ||
| 040 |
_aDLC _cDLC _dDLC |
||
| 050 | 0 | 0 |
_aP99.4.P72 _bM487 1993 |
| 082 | 0 | 0 |
_aP 99.4.P72M487 1993 _220 |
| 100 | 1 | _aMey, Jacob. | |
| 245 | 1 | 0 |
_aPragmatics : an introduction / _cJacob L. Mey. |
| 260 |
_aOxford, UK ; _aOxford, UK : _bBlackwell, _c1993. |
||
| 300 | _axii, 357 p. : ill. ; 24 cm. | ||
| 504 | _aIncludes bibliography and index. | ||
| 650 | 0 | _aPragmatics. | |
| 906 |
_a7 _bcbc _corignew _d1 _eocip _f19 _gy-gencatlg |
||
| 991 |
_bc-GenColl _hP99.4.P72 _iM487 1993 _p00017219017 _tCopy 1 _wBOOKS |
||
| 942 | 0 | 0 | _06 |
| 999 |
_c38201 _d38201 |
||